000 00304nam a2200145Ia 4500
100 _aStallings/ William
250 _a4
942 _cBK
654 _aLAN
245 _aLocal Metropolitan Area Networks
260 _bMcmillan Pub
_aNew york
_c1993
300 _a550
546 _aENGLISH
999 _c27150
_d27150